Chemometrics : data analysis for the laboratory and chemical plant
Αποθηκεύτηκε σε:
| Κύριος συγγραφέας: | |
|---|---|
| Μορφή: | Βιβλίο |
| Γλώσσα: | English |
| Δημοσίευση: |
Chichester, West Sussex :
Wiley,
c2003
|
| Θέματα: | |
| Ετικέτες: |
Προσθήκη ετικέτας
Δεν υπάρχουν, Καταχωρήστε ετικέτα πρώτοι!
|
MARC
| LEADER | 00000nam a2200000 i 4500 | ||
|---|---|---|---|
| 001 | 1/52897 | ||
| 008 | 040329s2003 eng d | ||
| 020 | |a 0-471-48978-6 | ||
| 035 | |l 10073005 | ||
| 040 | |a GR-MY-UA |b gre |e aacr | ||
| 041 | 0 | |a eng | |
| 082 | 0 | |a 543.00727 |2 (21) | |
| 100 | 1 | |a Brereton, Richard G. | |
| 245 | 1 | 0 | |a Chemometrics : |b data analysis for the laboratory and chemical plant / |c Richard G. Brereton |
| 260 | |a Chichester, West Sussex : |b Wiley, |c c2003 | ||
| 300 | |a xiv, 489 σ.; |b διαγ., πίν.; |c 25 εκ. | ||
| 504 | |a Περιλαμβάνει βιβλιογραφικές αναφορές και ευρετήριο | ||
| 650 | 0 | 0 | |a Chemistry, Analytic |x Statistical methods |x Data processing. |
| 650 | 0 | 0 | |a Chemical processes |x Statistical methods |x Data processing. |
| 852 | |a INST |b CHIOS |e 20040329 |h 543.00727 BRE |p 005200019392 |q 005200019392 |t BK |y 0 | ||
| 852 | |a INST |b CHIOS |e 20041130 |h 543.00727 BRE |p 005200022791 |q 005200022791 |t BK |y 0 | ||
| 901 | |a BIBL2-2004-3 | ||
| 909 | |a Χ |b 113298 | ||
| 909 | |a Χ |b 107062 | ||
| 922 | |a 2ΕΛΗ |b 200409 |c ΤΔΕ |d ΜΙΧΑΛΟΠΟΥΛΟΣ | ||
| 950 | |a 112-2003-09-05 | ||
| 970 | |a ΣΑΛΑΜΟΥΡΑ |b ΜΑΡΙΑ |z 2004/11/04 | ||